Turkey's new geopolitics : from the Balkans to Western China

Saved in:
Bibliographic Details
Main Author: Fuller, Graham E., 1937-
Other Authors: Lesser, Ian O., 1957-
Format: Book
Language:English
Published: Boulder : Westview Press, 1993.
Subjects:
Tags: Add Tag
No Tags, Be the first to tag this record!

MARC

LEADER 00000cam a2200000 i 4500
001 1/5131
008 960514s1993 us | ||| |||| | eng||
020 |a 0813386608 
035 |l 10015897 
040 |a GR-MY-UA  |b gre  |e aacr 
041 0 |a eng 
082 7 |a 327.4961   |2 (22) 
100 1 |a Fuller, Graham E.,   |d 1937- 
245 1 0 |a Turkey's new geopolitics :   |b from the Balkans to Western China /   |c Graham E. Fuller and Ian O. Lesser with Paul B. Henze and J. F. Brown.  
260 |a Boulder :   |b Westview Press,   |c 1993.  
300 |a 197 σ. ;   |c 23 εκ.  
504 |a Περιέχει βιβλιογραφικές παραπομπές και ευρετήριο.  
651 0 |a Turkey  |x Foreign relations  |y 1980- 
651 0 |a Turkey  |x Politics and government  |y 1980- 
700 1 |a Lesser, Ian O.,   |d 1957- 
852 |a INST  |b LESVOS  |e 19960621  |h 327.4961 FUL  |p 005100009876  |q 005100009876  |t BK  |y 0 
852 |a INST  |b LESVOS  |e 19960514  |h 327.4961 FUL  |p 005100010249  |q 005100010249  |t BK  |y 0 
852 |a INST  |b RHODES  |e 20230925  |h 327.4961 FUL  |p 005400043771  |q 005400043771  |t BK  |y 0